000 00585nam a2200217Ia 4500
001 868
003 GE_BSU
008 181216s||||||||xx |||||||||||||| ||und||
040 _cGE_BSU
080 _a94(3)
100 _aДжонс,Терри;Эрейра,Алан
245 _aВарвары против Рима
245 _cПерев. с англ.В.Шарапова
260 _aМосква
260 _bЭксмо:Алгоритм
260 _c2010
300 _a352стр.
653 _aВарвары против Рима
653 _aИстория
942 _cBK
999 _c35029
_d35029